Informácie o nových a novelizovaných predpisoch IFRS, ktoré nadobudli účinnosť v roku 2008
Pri zostavovaní účtovnej závierky za rok 2008 musia účtovné jednotky uviesť v poznámkach aj informácie vyžadované článkom IAS 8.28.
Guardado en:
| Autor principal: | |
|---|---|
| Formato: | Capítulo de libro |
| Lenguaje: | eslovaco |
| Materias: | |
| Etiquetas: |
Sin Etiquetas, Sea el primero en etiquetar este registro!
|
MARC
| LEADER | 00000nla$a2200000$$$4500 | ||
|---|---|---|---|
| 001 | 0128441 | ||
| 005 | 20240502072453.2 | ||
| 041 | 0 | |a slo | |
| 044 | |a SK | ||
| 245 | 1 | 0 | |a Informácie o nových a novelizovaných predpisoch IFRS, ktoré nadobudli účinnosť v roku 2008 |c Miloš Tumpach |
| 520 | |a Pri zostavovaní účtovnej závierky za rok 2008 musia účtovné jednotky uviesť v poznámkach aj informácie vyžadované článkom IAS 8.28. | ||
| 610 | 2 | 0 | |a štandardy účtovné medzinárodné |
| 610 | 2 | 0 | |a IFRS |
| 610 | 2 | 0 | |a novelizácia |
| 100 | 1 | |a Tumpach, Miloš, 1970- | |